Statistiques concernant Pays par production laitière par habitant

Cliquez ici pour prendre le quiz!

Statistiques générales

  • Ce quiz a été pris 36 fois
  • Le résultat moyen est 5 sur 10

Statistiques - réponses

Kg (par habitant)Pays% Correct
4 364,717Nouvelle-Zélande
71%
631,414Pays-Bas
65%
1 608,042
Irlande
62%
605,153Estonie
53%
510,396Lettonie
53%
561,224Lituanie
53%
983,408Danemark
50%
774,978Biélorussie
38%
682,456Luxembourg
35%
619,797Uruguay
18%

Distribution des résultats

Percentile par nombre de réponses

% des personnes avec chaque résultat

Votre développement - résultats

Vous n’avez pas pris ce quiz